000
00341pab a2200145 454500
008
180718b2005 xxu||||| |||| 00| 0 eng d
100
_a
Bose, Ashish
245
_a
Revisiting ground zero
260
_c
2005
300
_a
p.3121-123.
362
_a
16 Jul
650
_a
Terrorism
773
_a
Economic and Political Weekly
909
_a
66349
999
_c
66349
_d
66349